000
00266nam a22000977a 4500
999
_c
11459
_d
11459
008
190525b ||||| |||| 00| 0 eng d
020
_a
9781599201122
100
_a
Park Louise
_9
7173
245
_a
Natural Disasters- (Hurricanes)
260
_a
Minnesota
_b
Smart Apple
_c
2007